COMMUNITY TOTS - FIFA 21 - Statystyki

Ogólne statystyki
  • Ten quiz został rozwiązany 1 245 razy
    1 242 od ostatniego zresetowania
  • Średni wynik to 13 z 15
Statystyki odpowiedzi
Overall Narodowość Klub Piłkarz % Poprawnych
92 Austria Bayern Monachium Alaba
97%
89 Polska Napoli Zieliński
97%
92 Urugwaj Real Madryt Valverde
94%
87 Włochy PSG Kean
89%
89 Francja Fulham Areola
88%
90 Francja Tottenham Ndombele
87%
91 Słowenia Atalanta Ilicic
86%
90 Jamajka Bayer Leverkusen Bailey
85%
90 Francja RB Lipsk Mukiele
85%
90 Argentyna Ajax Amsterdam Tagliafico
84%
92 Anglia Leicester Barnes
81%
92 Anglia Manchester United Wan-Bissaka
81%
89 Francja RB Lipsk Nkunku
76%
87 Anglia Rangers Goldson
72%
88 Francja Celtic Edouard
65%
Nie znaleziono quizów pasujących do podanych kryteriów
Rozkład punktacji
Procent ludzi z każdym wynikiem
Percentyl według liczby udzielonych odpowiedzi
Twoja historia wyników
Nie rozwiązałeś tego quizu od ostatniego zresetowania